| 000 -LEADER |
| fixed length control field |
00365nam a22001217a 4500 |
| 008 - FIXED-LENGTH DATA ELEMENTS--GENERAL INFORMATION |
| fixed length control field |
250919b ||||| |||| 00| 0 eng d |
| 020 ## - INTERNATIONAL STANDARD BOOK NUMBER |
| International Standard Book Number |
9781526601934 |
| 082 ## - DEWEY DECIMAL CLASSIFICATION NUMBER |
| Classification number |
823.92 BAL |
| 100 ## - MAIN ENTRY--PERSONAL NAME |
| Relator term |
BALEN,KATYA |
| Language of a work |
ENGLISH |
| 245 ## - TITLE STATEMENT |
| Title |
OCTOBER,OCTOBER |
| 260 ## - PUBLICATION, DISTRIBUTION, ETC. |
| Place of publication, distribution, etc. |
50 BEDFORD SQUARE,LONDON WC1B 3DP,UK |
| Name of publisher, distributor, etc. |
BLOOMSBURY PUBLISHING PLC/BLOOMSBURY CHILDREN'S BOOK |
| Date of publication, distribution, etc. |
2020 |
| 942 ## - ADDED ENTRY ELEMENTS (KOHA) |
| Source of classification or shelving scheme |
|